Road a New Approach for Road Network Management and Conservation (Record no. 543248)
[ view plain ]
| 000 -LEADER | |
|---|---|
| fixed length control field | 00427nam a22001337a 4500 |
| 082 ## - DEWEY DECIMAL CLASSIFICATION NUMBER | |
| Classification number | 388.11 |
| Author Mark | ROA |
| 100 ## - MAIN ENTRY--PERSONAL NAME | |
| Personal name | Chile, Santiago |
| 9 (RLIN) | 38616 |
| 245 ## - TITLE STATEMENT | |
| Title | Road a New Approach for Road Network Management and Conservation |
| 260 ## - PUBLICATION, DISTRIBUTION, ETC. | |
| Place of publication, distribution, etc. | America |
| Name of publisher, distributor, etc. | Economic Commision for Latin America and The Caribbean |
| Date of publication, distribution, etc. | 1993 |
| 300 ## - PHYSICAL DESCRIPTION | |
| Extent | 235 p.: |
| Other physical details | ill, |
| Dimensions | 24 cm |
| 526 ## - STUDY PROGRAM INFORMATION NOTE | |
| Program name | 0 |
| Interest level | 0 |
| Reading level | 0 |
| Title point value | 388_110000000000000_ROA |
| 650 ## - SUBJECT ADDED ENTRY--TOPICAL TERM | |
| Topical term or geographic name entry element | MCE |
| 9 (RLIN) | 379 |
| 942 ## - ADDED ENTRY ELEMENTS (KOHA) | |
| Source of classification or shelving scheme | |
| Koha item type | Book |
| Withdrawn status | Lost status | Source of classification or shelving scheme | Damaged status | Not for loan | Permanent Location | Current Location | Date acquired | Total Checkouts | Full call number | Barcode | Date last seen | Price effective from | Koha item type |
|---|---|---|---|---|---|---|---|---|---|---|---|---|---|
| Military College of Engineering (MCE) | Military College of Engineering (MCE) | 03/19/2014 | 388.11 ROA | MCE-41964 | 03/19/2014 | 03/19/2014 | Book |
